skbl

Dr Suryya Kumar Bhuyan Library Web-OPAC
ডঃ সূৰ্য্য
কুমাৰ ভূঞা পুথিভঁৰাল ৱেব-অ'পেক

All Research Scholars are advised to clear the annual library fees to continue using Library Resources, Remote Access, Plagiarism Test and Library Clearance.

Cotton University Book Fair 2026

Akademi Awarded Novels in English-Millennium Response / (Record no. 3074)

MARC details
000 -LEADER
fixed length control field 00806nam a2200277Ia 4500
001 - CONTROL NUMBER
control field 3086
005 - DATE AND TIME OF LATEST TRANSACTION
control field 20240113233611.0
007 - PHYSICAL DESCRIPTION FIXED FIELD--GENERAL INFORMATION
fixed length control field ta
008 - FIXED-LENGTH DATA ELEMENTS--GENERAL INFORMATION
fixed length control field 050402s2003 a g b000 u eng u
020 ## - INTERNATIONAL STANDARD BOOK NUMBER
International Standard Book Number 81-7625-360-X
Terms of availability Rs. 450.00
040 ## - CATALOGING SOURCE
Original cataloging agency Cotton College,Assam
041 ## - LANGUAGE CODE
Language code of text/sound track or separate title eng
082 ## - DEWEY DECIMAL CLASSIFICATION NUMBER
Classification number 823.08
Item number Pa 192 Ak
100 ## - MAIN ENTRY--PERSONAL NAME
Personal name Pandey, Mithilesh K..
245 #0 - TITLE STATEMENT
Title Akademi Awarded Novels in English-Millennium Response /
Statement of responsibility, etc. Mithilesh K Pandey.
Medium Textual Documents
250 ## - EDITION STATEMENT
Edition statement 1st ed. /
260 ## - PUBLICATION, DISTRIBUTION, ETC.
Place of publication, distribution, etc. New Delhi :
Name of publisher, distributor, etc. Sarup & Sons ,
Date of publication, distribution, etc. 2003.
300 ## - PHYSICAL DESCRIPTION
Extent 199p. :
Other physical details ill ;
Dimensions 23cm .
365 ## - TRADE PRICE
Price type code Rs. 450.00
504 ## - BIBLIOGRAPHY, ETC. NOTE
Bibliography, etc. note Notes on contributors, Index
653 ## - INDEX TERM--UNCONTROLLED
Uncontrolled term English fiction-Collections
653 ## - INDEX TERM--UNCONTROLLED
Uncontrolled term PG-English
942 ## - ADDED ENTRY ELEMENTS (KOHA)
Source of classification or shelving scheme Dewey Decimal Classification
Koha item type Books
Holdings
Withdrawn status Lost status Damaged status Not for loan Collection Home library Current library Date acquired Coded location qualifier Cost, normal purchase price Total checkouts Full call number Barcode Date last seen Copy number Price effective from Koha item type
          Dr. Suryya Kumar Bhuyan Library Dr. Suryya Kumar Bhuyan Library 01/02/2012 00000 450.00   823.08 Pa 192 Ak 593/Eng 13/01/2024 1 01/02/2012 Books

Designed and Maintained by Team SKBL
©1901-2026

Powered by Koha